Pays écrits avec le clavier numérique du téléphone - Statistiques

Statistiques générales
  • Ce quiz a été pris 31 fois
  • Le résultat moyen est 4 sur 20
Statistiques - réponses
Code Pays % Correct
255262463 Allemagne
80%
24463 Chine
36%
372623 France
36%
4633 Inde
36%
3772463 Espagne
32%
8646 Togo
28%
8877843 Turquie
24%
926243 Zambie
24%
32636275 Danemark
20%
42266 Gabon
16%
62878 Nauru
16%
24454 Chili
12%
369783 Égypte
12%
42484 Haïti
12%
5432483678346 Liechtenstein
12%
6394783 Mexique
12%
737243 Serbie
12%
784773 Suisse
12%
63725 Népal
8%
6678343 Norvège
8%
Aucun quiz correspondant
Distribution des résultats
% des personnes avec chaque résultat
Percentile par nombre de réponses
Votre historique - résultats
Vous n’avez pas pris ce quiz